| 000 | 00621nam a22002297a 4500 | ||
|---|---|---|---|
| 003 | DO-SdBNP | ||
| 005 | 20180213152050.0 | ||
| 008 | 160718 1996 sp a spa d | ||
| 020 | _a8420769703 | ||
| 040 |
_aBPMSU _bspa _cBPMSU |
||
| 092 |
_axxxxx _bxxxxx |
||
| 100 | 1 | _aOlivares, Javier | |
| 245 | 1 | 3 |
_aEl arca de Noemí / _cJavier Olivares |
| 260 |
_aMadrid : _bGrupo Anaya, _c1996. |
||
| 300 |
_a63 p. : _bil. ; _c19 cm. |
||
| 490 | 0 |
_aEl duende verde _v91 |
|
| 521 | _aA partir de 6 años. | ||
| 830 | 0 |
_aEl duende verde _n91 |
|
| 942 |
_2ddc _cBK |
||
| 945 | _aInventariado, 2018/ YL | ||
| 956 |
_aYLOCKWARD _b10 _cBPMSU |
||
| 999 |
_c12486 _d12486 |
||